Statistics for Sudan First Level Subdivisions

Click here to take the quiz!

General Stats

  • This quiz has been taken 27 times
  • The average score is 8 of 18

Answer Stats

Wilaya'at% Correct
Khartoum
92%
White Nile
67%
North Darfur
67%
Blue Nile
58%
West Darfur
58%
South Darfur
58%
Red Sea
58%
Northern
50%
East Darfur
50%
Central Darfur
50%
North Kordofan
42%
South Kordofan
42%
Kassala
33%
West Kordofan
33%
River Nile
25%
Sennar
25%
Al Qadarif
17%
Al Jazirah
17%

Score Distribution

Percentile by Number Answered

Percent of People with Each Score

Your Score History

You have not taken this quiz